Dilapidations (Record no. 103369)
[ view plain ]
| 000 -LEADER | |
|---|---|
| fixed length control field | 01272cgm a22002775a 4500 |
| 001 - CONTROL NUMBER | |
| control field | L125320 |
| 008 - FIXED-LENGTH DATA ELEMENTS--GENERAL INFORMATION | |
| fixed length control field | 040303s2005 xxk f 000 0 eng u |
| 020 ## - INTERNATIONAL STANDARD BOOK NUMBER | |
| International Standard Book Number | 1842191845 |
| 035 ## - SYSTEM CONTROL NUMBER | |
| System control number | (Sirsi) u125320 |
| 041 0# - LANGUAGE CODE | |
| Language code of text/sound track or separate title | eng |
| 050 04 - LIBRARY OF CONGRESS CALL NUMBER | |
| Classification number | 346.410434 $2 18 |
| 100 1# - MAIN ENTRY--PERSONAL NAME | |
| Personal name | Shaw, Edward |
| 245 00 - TITLE STATEMENT | |
| Title | Dilapidations |
| Remainder of title | letters, forms and schedules |
| Medium | [videorecording] |
| 260 ## - PUBLICATION, DISTRIBUTION, ETC. | |
| Place of publication, distribution, etc. | London |
| Name of publisher, distributor, etc. | RICS |
| Date of publication, distribution, etc. | 2005 |
| 300 ## - PHYSICAL DESCRIPTION | |
| Extent | 1 |
| Type of unit | CD-ROM |
| 350 ## - PRICE (NR) (BK AM CF MU VM SE) [OBSOLETE] | |
| Price | 40 |
| 490 #0 - SERIES STATEMENT | |
| Series statement | RICS Stationery |
| 520 ## - SUMMARY, ETC. | |
| Summary, etc. | Includes an excel document to guide you through every step of calculating a dilapidations claim. It takes you from cover sheet to schedule to the final claim and works out all your pricing and percentages.The document can then be emailed or sent to whoever necessary. Also included are: interactive template letters; checklists; examples of letters and schedules; full text of the RICS Dilapidations Guidance note; and the PLA Protocol |
| 590 ## - LOCAL NOTE (RLIN) | |
| Local note | NB |
| 650 24 - SUBJECT ADDED ENTRY--TOPICAL TERM | |
| Topical term or geographic name entry element | SCOTT SCHEDULES |
| 690 ## - LOCAL SUBJECT ADDED ENTRY--TOPICAL TERM (OCLC, RLIN) | |
| Topical term or geographic name as entry element | PROPERTY-LEASEHOLD PROPERTY-LANDLORD AND TENANT-DILAPIDATIONS-DILAPIDATIONS SCHEDULES |
| 710 2# - ADDED ENTRY--CORPORATE NAME | |
| Corporate name or jurisdiction name as entry element | Royal Institution of Chartered Surveyors |
| 9 (RLIN) | 4900 |
| 856 #4 - ELECTRONIC LOCATION AND ACCESS | |
| Host name | This item is only available to view from within either the London or Edinburgh libraries |
| 942 ## - ADDED ENTRY ELEMENTS (KOHA) | |
| Suppress in OPAC | 0 |
| Withdrawn status | Lost status | Source of classification or shelving scheme | Damaged status | Not for loan | Home library | Current library | Shelving location | Date acquired | Cost, normal purchase price | Total Checkouts | Full call number | Barcode | Date last seen | Copy number | Cost, replacement price | Price effective from | Koha item type |
|---|---|---|---|---|---|---|---|---|---|---|---|---|---|---|---|---|---|
| Dewey Decimal Classification | London | London | RICS Boxes | 18/07/2005 | 28.20 | RICS 2005/56 | 30069875 | 06/08/2019 | 1 | 28.20 | 06/08/2019 | Archive |